| 000 | 00455nam a2200181Ia 4500 | ||
|---|---|---|---|
| 001 | 2284 | ||
| 005 | 20260306144755.0 | ||
| 008 | 260306t2015||||xx |||||||||||||| ||spa|| | ||
| 041 | _aESP | ||
| 082 |
_a616.855 _bH41 |
||
| 100 |
_aHeras Mínguez, Gema de las _eAUT |
||
| 245 | 0 | _aGuía de intervención logopédica en las dislalias | |
| 260 | _c2015 | ||
| 300 |
_a255 páginas : _c22 cm. |
||
| 650 | _aGEN | ||
| 654 | _aCPS | ||
| 942 |
_cLIB _dJUS _fJUS _2ddc _n |
||
| 999 |
_c2284 _d2284 |
||